Gerontophilia /

Gorde:
Xehetasun bibliografikoak
Beste egile batzuk: Lajoie, Pier-Gabriel (Aktorea), Borden, Walter (Aktorea), Boland, Katie (Aktorea), Thibault, Marie-Helene (Aktorea), LaBruce, Bruce (Zuzendaria)
Formatua: Diapositiba
Hizkuntza:frantsesa
ingelesa
Argitaratua: [Gran Bretagna] : Tla Releasing, 2014
Etiketak: Etiketa erantsi
Etiketarik gabe, Izan zaitez lehena erregistro honi etiketa jartzen!

MARC

LEADER 00000ngm a22000007i 4500
001 IT\ICCU\UBO\4188393
003 ItRI
005 20260124182812.0
008 160623s2014 xxk|||||||||||||||k|||||c
028 4 2 |a TLAUK224 
040 |b ita 
041 7 |a fre  |a eng  |2 ISO-639-2 
130 0 |a Gérontophilie <film ; 2013>  |3 IT\ICCU\UBO\4188395 
245 0 0 |a Gerontophilia /  |c written and directed by Bruce LaBruce. 
260 |a [Gran Bretagna] :  |b Tla Releasing,  |c 2014 
300 |a 1 DVD video (82 min) :  |b color 
500 |a Caratteristiche tecniche: 2.35:1 widescreen; stereo 
500 |a Lingue: francese, inglese; sottotitoli: inglese. - Titolo del contenitore 
500 |a Interpreti: Pier-Gabriel Lajoie, Walter Borden, Katie Boland, Marie-Helene Thibault. - Produzione cinematografica: Canada, 2013 
500 |a Vietato ai minori di 18 anni. 
700 1 |a Lajoie, Pier-Gabriel  |0 IT\ICCU\UBOV\430038  |4 act 
700 1 |a Borden, Walter  |0 IT\ICCU\UBOV\430042  |4 act 
700 1 |a Boland, Katie  |0 IT\ICCU\UBOV\430043  |4 act 
700 1 |a Thibault, Marie-Helene  |0 IT\ICCU\UBOV\430044  |4 act 
700 1 |a LaBruce, Bruce  |0 IT\ICCU\UBOV\757089  |4 drt 
942 |2 ddc  |c VM  |n 0 
952 |0 0  |1 0  |4 0  |6 VO_2181_000000000000000  |7 0  |9 26537  |a BO  |b BO  |d 2026-01-24  |i 17946  |l 0  |o VO 2181  |p BO17946  |r 2026-01-24 18:28:12  |w 2026-01-24  |x [Sebina 5] [1 dvd]  |y VM  |z 1 dvd 
999 |c 22439  |d 22439